All Battlefield 5 Maps - Statistics

General Stats
  • This quiz has been taken 36 times
  • The average score is 10 of 20
Answer Stats
Answer % Correct
Hamada
79%
Rotterdam
79%
Iwo Jima
74%
Narvik
68%
Arras
63%
Pacific Storm
63%
Provence
63%
Wake Island
63%
Solomon Islands
58%
Twisted Steel
58%
Devastation
53%
Panzerstorm
53%
Aerodrome
42%
Al Sundan
42%
Al Marj Encampment
32%
Fjell 652
32%
Operation Underground
26%
Lofoten Islands
21%
Marita
21%
Mercury
21%
No matching quizzes found
Score Distribution
Percent of People with Each Score
Percentile by Number Answered
Your Score History
You have not taken this quiz